La plus grosse valeur marchande par club de Serie A - Statistiques

Statistiques générales
  • Ce quiz a été pris 83 fois
    28 depuis la dernière actualisation
  • Le résultat moyen est 8 sur 20
Statistiques - réponses
Club Valeur (Millions) Nationalité Joueur % Correct
Inter Milan 85 Argentine Lautaro Martínez
100%
AS Roma 50 France Manu Koné
96%
AC Milan 65 Portugal Rafael Leão
96%
US Sassuolo Calcio 20 Canada Ismaël Koné
92%
Juventus Turin 75 Turquie Kenan Yıldız
88%
Como 1907 65 Argentine Nico Paz
88%
SSC Napoli 50 Danemark Rasmus Højlund
80%
ACF Fiorentina 40 Italie Moise Kean
52%
Atalanta BC 40 Brésil Ederson
48%
Udinese Calcio 20 France Oumar Solet
20%
Parma Calcio 1913 20 Japon Zion Suzuki
16%
Hellas Verona 10 Nigéria Gift Orban
8%
Lazio Rome 30 Espagne Mario Gila
8%
FC Bologna 35 Argentine Santi Castro
8%
US Lecce 15 Italie Francesco Camarda
4%
Cagliari Calcio 30 Italie Marco Palestra
4%
Torino FC 14 Italie Cesare Casadei
0%
Genoa CFC 18 Danemark Morten Frendrup
0%
Pisa SC 8 Angleterre Samuel Iling-Junior
0%
US Cremonese 7.5 République Démocratique du Congo Warren Bondo
0%
Aucun quiz correspondant
Distribution des résultats
% des personnes avec chaque résultat
Percentile par nombre de réponses
Votre historique - résultats
Vous n’avez pas pris ce quiz depuis la dernière actualisation